| 000 | 00934nam0a2200277 4500 | ||
|---|---|---|---|
| 001 | RU\NLR\bibl\1226696 | ||
| 005 | 20260406075253.0 | ||
| 010 |
_a978-5-699-14013-8 _97000 |
||
| 021 |
_aRU _b2008-19007 _91039 |
||
| 035 | _a(NLR Aleph) 001213003 | ||
| 090 |
_a90158 _c90158 |
||
| 100 | _a20080514d2008 |||y0rusy50 ca | ||
| 101 | 1 |
_arus _ceng |
|
| 102 | _aRU | ||
| 105 | _ay ||||||||| | ||
| 200 | 1 |
_aТайный мир шопоголика _e[роман] _fСофи Кинселла _gпер. с англ. Анастасии Корчагиной |
|
| 210 |
_aМосква _cЭксмо _cФаnтом пресс _d2008 |
||
| 215 |
_a409, [2] с. _d20 |
||
| 686 | _aШ6(4Вл)67-440.4{Лх1299-50} | ||
| 700 | 1 |
_4070 _8rus _7ca _aКинселла _bС. _f1969- _gСофи _3RU\NLR\AUTH\7737675 _920663 |
|
| 801 | 0 |
_aRU _bNLR _c20080514 _gRCR |
|
| 801 | 1 |
_aRU _bNLR _c20080514 |
|
| 942 | _cBOOK | ||
| 980 | _aNB | ||